<?xml version="1.0" encoding="UTF-8"?>
<collection xmlns="http://www.loc.gov/MARC21/slim">
 <record>
  <leader>01280nam a2200337 i 4500</leader>
  <controlfield tag="001">36422</controlfield>
  <controlfield tag="003">BD-DhAAL</controlfield>
  <controlfield tag="005">20211129101243.0</controlfield>
  <controlfield tag="008">191023t2015    enka          001 0 eng  </controlfield>
  <datafield tag="999" ind1=" " ind2=" ">
   <subfield code="c">41599</subfield>
   <subfield code="d">41599</subfield>
  </datafield>
  <datafield tag="010" ind1=" " ind2=" ">
   <subfield code="a">  2014044325</subfield>
  </datafield>
  <datafield tag="020" ind1=" " ind2=" ">
   <subfield code="a">9781292001449 (Print)</subfield>
  </datafield>
  <datafield tag="020" ind1=" " ind2=" ">
   <subfield code="a">978129200163 (PDF)</subfield>
  </datafield>
  <datafield tag="020" ind1=" " ind2=" ">
   <subfield code="a">9781292008172 (eTEXT)</subfield>
  </datafield>
  <datafield tag="040" ind1=" " ind2=" ">
   <subfield code="a">DLC</subfield>
   <subfield code="b">eng</subfield>
   <subfield code="c">DLC</subfield>
   <subfield code="e">rda</subfield>
   <subfield code="d">DLC</subfield>
   <subfield code="d">BD-DhAAL</subfield>
  </datafield>
  <datafield tag="042" ind1=" " ind2=" ">
   <subfield code="a">pcc</subfield>
  </datafield>
  <datafield tag="050" ind1="0" ind2="0">
   <subfield code="a">HG187.4</subfield>
   <subfield code="b">.K37 2015</subfield>
  </datafield>
  <datafield tag="082" ind1="0" ind2="0">
   <subfield code="a">332.091767</subfield>
   <subfield code="2">23</subfield>
  </datafield>
  <datafield tag="100" ind1="1" ind2=" ">
   <subfield code="a">Karbani, Faizal.</subfield>
   <subfield code="9">36457</subfield>
  </datafield>
  <datafield tag="245" ind1="1" ind2="0">
   <subfield code="a">Mastering Islamic finance :</subfield>
   <subfield code="b">a practical guide to Sharia-compliant banking, investment and insurance /</subfield>
   <subfield code="c">Faizal Karbani.</subfield>
  </datafield>
  <datafield tag="260" ind1=" " ind2=" ">
   <subfield code="a">Harlow, England ;</subfield>
   <subfield code="a">New York :</subfield>
   <subfield code="b">Pearson,</subfield>
   <subfield code="c">2015</subfield>
  </datafield>
  <datafield tag="300" ind1=" " ind2=" ">
   <subfield code="a">xiv, 191 pages :</subfield>
   <subfield code="b">illustrations ;</subfield>
   <subfield code="c">23 cm.</subfield>
  </datafield>
  <datafield tag="500" ind1=" " ind2=" ">
   <subfield code="a">Includes index.</subfield>
  </datafield>
  <datafield tag="526" ind1=" " ind2=" ">
   <subfield code="a">BBS</subfield>
  </datafield>
  <datafield tag="541" ind1=" " ind2=" ">
   <subfield code="a">Karim International</subfield>
   <subfield code="e">36422</subfield>
  </datafield>
  <datafield tag="650" ind1=" " ind2="0">
   <subfield code="a">Finance</subfield>
   <subfield code="x">Religious aspects</subfield>
   <subfield code="x">Finance.</subfield>
   <subfield code="9">36458</subfield>
  </datafield>
  <datafield tag="650" ind1=" " ind2="0">
   <subfield code="a">Finance (Islamic law)</subfield>
   <subfield code="9">36459</subfield>
  </datafield>
  <datafield tag="650" ind1=" " ind2="0">
   <subfield code="a">Business &amp; finance</subfield>
   <subfield code="9">43264</subfield>
  </datafield>
  <datafield tag="852" ind1=" " ind2=" ">
   <subfield code="a">Ayesha Abed Library</subfield>
   <subfield code="c">General Stacks</subfield>
  </datafield>
  <datafield tag="942" ind1=" " ind2=" ">
   <subfield code="2">ddc</subfield>
   <subfield code="c">BK</subfield>
  </datafield>
  <datafield tag="952" ind1=" " ind2=" ">
   <subfield code="0">0</subfield>
   <subfield code="1">0</subfield>
   <subfield code="2">ddc</subfield>
   <subfield code="4">0</subfield>
   <subfield code="6">332_091767000000000_KAR</subfield>
   <subfield code="7">0</subfield>
   <subfield code="9">66786</subfield>
   <subfield code="a">BRACUL</subfield>
   <subfield code="b">BRACUL</subfield>
   <subfield code="c">GEN</subfield>
   <subfield code="d">2019-10-17</subfield>
   <subfield code="e">Karim International</subfield>
   <subfield code="g">5500.00</subfield>
   <subfield code="l">4</subfield>
   <subfield code="m">34</subfield>
   <subfield code="o">332.091767 KAR</subfield>
   <subfield code="p">3010036422</subfield>
   <subfield code="r">2025-10-29</subfield>
   <subfield code="s">2025-10-22</subfield>
   <subfield code="t">1</subfield>
   <subfield code="v">5500.00</subfield>
   <subfield code="w">2019-10-17</subfield>
   <subfield code="y">BK</subfield>
  </datafield>
 </record>
</collection>
